| 000 | 01613nam a2200493 i 4500 | ||
|---|---|---|---|
| 001 | 3027 | ||
| 003 | KOSZ 005 | ||
| 005 | 20190725095253.0 | ||
| 008 | 990506s1983 pl a |000 0 pol | ||
| 015 | _aPB 1983/8692 | ||
| 020 | _a8301029900 | ||
| 035 | _a991009352459705066 | ||
| 035 | _a(PL-WaBN)b12534195-48omnis_nlop | ||
| 035 | _ab12534195 | ||
| 035 | _a(OCoLC)830219720 | ||
| 035 | _a(PL)b0000001253419 | ||
| 035 | _a(EXLNZ-48OMNIS_NETWORK)9910339158505606 | ||
| 040 |
_aWA N _cWA N _dKOSZ 005/HR |
||
| 041 | 0 | _apol | |
| 046 | _k1983 | ||
| 080 | _a621.9 | ||
| 080 | _a(075.8) | ||
| 100 | 1 |
_aDmochowski, Jerzy _d(1923-1994) _eAutor |
|
| 245 | 1 | 0 |
_aPodstawy obróbki skrawaniem : _b[podręcznik dla studentów wyższych szkół technicznych] / _cJerzy Dmochowski. |
| 250 | _aWyd. 3. | ||
| 260 |
_aWarszawa : _bPańst. Wydaw. Naukowe, _c1983. |
||
| 300 |
_a585, [3] s. : _bfot., rys., wykr. ; _c24 cm. |
||
| 336 |
_2rdacontent _aTekst _btxt |
||
| 337 |
_2rdamedia _aBez urządzenia pośredniczącego _bn |
||
| 338 |
_2rdacarrier _aWolumin _bnc |
||
| 380 | _aKsiążki | ||
| 380 | _aPublikacje dydaktyczne | ||
| 385 |
_mPoziom nauczania _aSzkoły wyzsze |
||
| 388 | _a1901-2000 | ||
| 388 | _a1945-1989 | ||
| 504 | _aBibliogr. s. 579-[586]. | ||
| 650 | 7 |
_aSkrawanie _2DBN |
|
| 655 | 7 |
_aPodręczniki akademickie _2DBN |
|
| 658 | _aInżynieria i technika | ||
| 710 | 2 |
_aWydawnictwo Naukowe PWN _4pbl |
|
| 856 |
_uhttp://koha.tu.koszalin.pl/cgi-bin/koha/opac-detail.pl?biblionumber=3057 _yKatalog online BPK |
||
| 942 |
_2UKD _cKS |
||
| 999 |
_c3057 _d3057 |
||